[Event "Irish Championship 2013"]
[Site "Limerick IRL"]
[Date "2013.07.06"]
[Round "1.1"]
[White "Daly, Colm"]
[Black "Quinn, Ciaran"]
[Result "0-1"]
[WhiteTitle "FM"]
[WhiteElo "2339"]
[BlackElo "2098"]
[WhiteICU "2298"]
[BlackICU "2031"]
[WhiteClub "Bray/Greystones"]
[BlackClub "Elm Mount"]
[WhiteNationality "IRL"]
[BlackNationality "IRL"]
[WhiteFideId "2500434"]
[BlackFideId "2500817"]
[WhiteICUId "295"]
[BlackICUId "1398"]
[PlyCount "92"]
[EventDate "2013.07.06"]
[Source "Live boards"]
[BlackFullName "Quinn, Ciar&aacute;n"]

{ Event information: <a
href="https://www.irlchess.com/irlch2013_allfiles/pairings_irlch2013.html">Tournament
report</a>. }

1. Nf3 c5 2. b3 Nf6 3. Bb2 Nc6 4. e3 g6 5. Bxf6 exf6 6. c4 d5 7. cxd5 Qxd5
8. Nc3 Qd8 9. Bb5 Bd7 10. O-O Be7 11. d4 cxd4 12. exd4 O-O 13. h3 Rc8 14.
Nd5 Ba3 15. Ne3 a6 16. Be2 b5 17. Nc2 Bb2 18. Rb1 Bc3 19. a4 Ne7 20. axb5
axb5 21. Ne3 Bc6 22. Qd3 b4 23. Rfd1 Nd5 24. Nxd5 Qxd5 25. Bf1 Rfd8 26. Qe3
Bb5 27. Bxb5 Qxb5 28. Qd3 Qd5 29. Kf1 Rd7 30. Qa6 Rc6 31. Qe2 Kg7 32. Kg1
Ra7 33. Nh2 Ra3 34. Ng4 Rd6 35. Ne3 Qe4 36. d5 Rxd5 37. Rf1 Rd2 38. Qc4 Rd4
39. Qb5 Ra2 40. Nc4 Rd5 41. Qb8 Rxf2 42. Rxf2 Qxb1+ 43. Kh2 Bd4 44. Rf4
Bg1+ 45. Kg3 Qe1+ 46. Kf3 Rd3+ 0-1

[Event "Irish Championship 2013"]
[Site "Limerick IRL"]
[Date "2013.07.06"]
[Round "1.2"]
[White "Fox, Anthony"]
[Black "Fitzsimons, David"]
[Result "0-1"]
[BlackTitle "FM"]
[WhiteElo "2093"]
[BlackElo "2331"]
[WhiteICU "2027"]
[BlackICU "2312"]
[WhiteClub "Dun Laoghaire"]
[BlackClub "Elm Mount"]
[WhiteNationality "IRL"]
[BlackNationality "IRL"]
[WhiteFideId "2500736"]
[BlackFideId "2501961"]
[WhiteICUId "456"]
[BlackICUId "6236"]
[PlyCount "148"]
[EventDate "2013.07.06"]
[Source "Live boards"]

{ Event information: <a
href="https://www.irlchess.com/irlch2013_allfiles/pairings_irlch2013.html">Tournament
report</a>. }

1. e4 e6 2. d3 d5 3. Nd2 Nf6 4. Ngf3 c5 5. g3 Nc6 6. Bg2 g6 7. O-O Bg7 8.
Re1 O-O 9. h4 a5 10. a4 b6 11. c3 Ra7 12. exd5 Nxd5 13. Nc4 Ba6 14. Qc2
Ndb4 15. cxb4 Nxb4 16. Qb3 Qxd3 17. Qxd3 Nxd3 18. Ne3 Nxe1 19. Nxe1 Rb8 20.
Bc6 Rc8 21. Bf3 c4 22. N1c2 Rc5 23. Nd1 Bb7 24. Bxb7 Rxb7 25. Be3 Rc6 26.
Na3 Rd7 27. Nb5 Rd3 28. Ndc3 Bf8 29. Nd4 Rc8 30. Ndb5 Bc5 31. Bxc5 Rxc5 32.
Re1 Kg7 33. Re2 Rc6 34. Kg2 Kf6 35. Na3 e5 36. Re4 Rd4 37. Re2 h6 38. Nab5
Rd8 39. Na3 Kf5 40. Nab5 Rc5 41. Na3 Rd3 42. Nab5 Ke6 43. Ne4 Rc8 44. Nec3
f5 45. Na3 e4 46. f3 e3 47. Nc2 Rd2 48. Nxe3 Rxe2+ 49. Nxe2 Kd6 50. Nc3 Kc5
51. Kf2 Rd8 52. Ke2 Kb4 53. Ncd5+ Kc5 54. Nc3 Rd6 55. Nb5 Re6 56. Kd2 Kb4
57. Nc3 Kb3 58. Ncd1 Rd6+ 59. Ke2 Rd4 60. h5 f4 61. gxf4 gxh5 62. f5 Rf4
63. Nd5 Rxf5 64. Nxb6 h4 65. Ne3 Rg5 66. Nbxc4 Kxa4 67. Nd2 h3 68. Ndf1 Kb3
69. f4 Rg8 70. Kf3 a4 71. Ng4 Kxb2 72. Nxh6 Rg6 73. Ng4 Rxg4 74. Kxg4 a3
0-1

[Event "Irish Championship 2013"]
[Site "Limerick IRL"]
[Date "2013.07.06"]
[Round "1.3"]
[White "Short, Philip"]
[Black "MacElligott, Gerard"]
[Result "1-0"]
[WhiteTitle "FM"]
[BlackTitle "CM"]
[WhiteElo "2260"]
[BlackElo "2050"]
[BlackICU "1908"]
[BlackClub "Elm Mount"]
[WhiteNationality "IRL"]
[BlackNationality "IRL"]
[WhiteFideId "2500086"]
[BlackFideId "2500647"]
[WhiteICUId "1557"]
[BlackICUId "1078"]
[PlyCount "93"]
[EventDate "2013.07.06"]
[Source "Live boards"]

{ Event information: <a
href="https://www.irlchess.com/irlch2013_allfiles/pairings_irlch2013.html">Tournament
report</a>. }

1. d4 Nf6 2. c4 c5 3. e3 g6 4. Nf3 Bg7 5. Be2 O-O 6. O-O cxd4 7. exd4 d5 8.
h3 Nc6 9. Nc3 dxc4 10. Bxc4 Na5 11. Be2 Be6 12. Bg5 Rc8 13. Re1 h6 14. Bh4
Bc4 15. Rc1 Re8 16. Qd2 a6 17. Bd1 Nc6 18. Bc2 Nd5 19. Be4 Nxc3 20. bxc3
Qd6 21. Bg3 Qd7 22. h4 h5 23. Bb1 Qd5 24. Ne5 Nxe5 25. Bxe5 b5 26. Bxg7
Kxg7 27. Re5 Qd6 28. Rce1 Qf6 29. g3 Rcd8 30. f4 e6 31. Rg5 Rd5 32. Be4
Rxg5 33. hxg5 Qd8 34. Bg2 Bd5 35. Re5 Bxg2 36. Kxg2 Qa8+ 37. Kh2 Qf3 38.
Re3 Qg4 39. d5 h4 40. Qd4+ e5 41. fxe5 hxg3+ 42. Kg2 Qxd4 43. cxd4 Kf8 44.
Kxg3 Rc8 45. Kf4 Rc4 46. Ke4 Ke7 47. Ra3 1-0

[Event "Irish Championship 2013"]
[Site "Limerick IRL"]
[Date "2013.07.06"]
[Round "1.4"]
[White "Freeman, Gordon"]
[Black "Orr, Mark J. L."]
[Result "1/2-1/2"]
[BlackTitle "IM"]
[WhiteElo "2047"]
[BlackElo "2247"]
[WhiteICU "2023"]
[BlackICU "2208"]
[WhiteClub "Gonzaga"]
[BlackClub "Wandering Dragons SCO"]
[WhiteNationality "IRL"]
[BlackNationality "IRL"]
[WhiteFideId "2501309"]
[BlackFideId "2500035"]
[WhiteICUId "4153"]
[BlackICUId "1350"]
[PlyCount "116"]
[EventDate "2013.07.06"]
[Source "Live boards"]

{ Event information: <a
href="https://www.irlchess.com/irlch2013_allfiles/pairings_irlch2013.html">Tournament
report</a>. }

1. Nf3 Nf6 2. g3 d5 3. c4 e6 4. d4 Bb4+ 5. Bd2 Be7 6. Bg2 O-O 7. O-O c6 8.
Qc2 b6 9. Bf4 Bb7 10. Nbd2 Nbd7 11. e4 c5 12. exd5 exd5 13. Rfe1 Re8 14.
Rad1 Bf8 15. Rxe8 Qxe8 16. Re1 Qc8 17. Ne5 cxd4 18. Bh3 Qe8 19. Ndf3 Nxe5
20. Bxe5 Qc6 21. Nxd4 Qxc4 22. Bxf6 Qxc2 23. Nxc2 gxf6 24. Rd1 Re8 25. Ne3
Bc5 26. Bg2 d4 27. Bxb7 dxe3 28. fxe3 Rxe3 29. Kf1 Re7 30. Bf3 Kg7 31. Bg4
a5 32. Rd7 Re3 33. Bh5 Re7 34. Rxe7 Bxe7 35. Ke2 f5 36. Ke3 Kf6 37. Kd4 Ke6
38. Bf3 Bf6+ 39. Kc4 Bxb2 40. Bd5+ Ke7 41. a4 h6 42. Bc6 Kf6 43. Be8 Be5
44. Kd3 f4 45. gxf4 Bxf4 46. h3 Ke6 47. Ke4 Bd6 48. Bb5 f5+ 49. Kf3 Kf6 50.
Be8 Kg5 51. Bd7 f4 52. Bc6 Kh4 53. Bd7 Bb8 54. Kg2 Bd6 55. Bb5 f3+ 56. Kxf3
Kxh3 57. Bd7+ Kh4 58. Kg2 Kg5 1/2-1/2

[Event "Irish Championship 2013"]
[Site "Limerick IRL"]
[Date "2013.07.06"]
[Round "1.5"]
[White "O'Cinneide, Mel"]
[Black "Hughes, John L."]
[Result "1/2-1/2"]
[WhiteElo "2225"]
[BlackElo "2046"]
[WhiteICU "2171"]
[WhiteClub "Rathmines"]
[WhiteNationality "IRL"]
[BlackNationality "IRL"]
[WhiteFideId "2500620"]
[BlackFideId "2046105"]
[WhiteICUId "720"]
[PlyCount "101"]
[EventDate "2013.07.06"]
[Source "Live boards"]
[WhiteFullName "&Oacute; Cinn&eacute;ide, Mel"]

{ Event information: <a
href="https://www.irlchess.com/irlch2013_allfiles/pairings_irlch2013.html">Tournament
report</a>. }

1. Nf3 c5 2. c4 e6 3. g3 Nc6 4. Bg2 Nf6 5. O-O d5 6. cxd5 exd5 7. d4 Be7 8.
Nc3 O-O 9. dxc5 Bxc5 10. Na4 Be7 11. Be3 Bg4 12. Nd4 Re8 13. Nxc6 bxc6 14.
Rc1 Qd7 15. Qd3 Rac8 16. Nc5 Bxc5 17. Rxc5 Bf5 18. Qa6 Ne4 19. Ra5 Nd6 20.
Qxa7 Nc4 21. Qxd7 Bxd7 22. Ra7 Bf5 23. b3 Nxe3 24. fxe3 g6 25. Rc1 Rxe3 26.
Kf2 Re5 27. Ra6 Bg4 28. Bf3 Bxf3 29. Kxf3 c5 30. Ra5 d4 31. Rc2 Rc6 32. Rb5
g5 33. b4 Rf6+ 34. Kg2 Rfe6 35. Rbxc5 Rxe2+ 36. Rxe2 Rxe2+ 37. Kf3 Rxa2 38.
Rxg5+ Kf8 39. h4 Rb2 40. b5 d3 41. Rd5 d2 42. Ke2 h6 43. h5 Kg7 44. g4 Kf6
45. Rf5+ Kg7 46. Kd1 Kg8 47. Rd5 Kg7 48. Ke2 Kf6 49. Rc5 Kg7 50. Rf5 Kg8
51. Rd5 1/2-1/2

[Event "Irish Championship 2013"]
[Site "Limerick IRL"]
[Date "2013.07.06"]
[Round "1.7"]
[White "O'Connor, Jonathan"]
[Black "Crichton, Martin"]
[Result "1/2-1/2"]
[WhiteElo "2149"]
[BlackElo "1965"]
[WhiteICU "2140"]
[WhiteClub "Dublin"]
[BlackClub "Greenford ENG"]
[WhiteNationality "IRL"]
[BlackNationality "IRL"]
[WhiteFideId "2501112"]
[BlackFideId "2500973"]
[WhiteICUId "1243"]
[BlackICUId "268"]
[PlyCount "138"]
[EventDate "2013.07.06"]
[Source "Tournament web site"]

{ Event information: <a
href="https://www.irlchess.com/irlch2013_allfiles/pairings_irlch2013.html">Tournament
report</a>. }

1. d4 d5 2. c4 c6 3. Nc3 Nf6 4. Nf3 g6 5. Bf4 Bg7 6. e3 O-O 7. h3 Nbd7 8.
cxd5 Nxd5 9. Nxd5 cxd5 10. Be2 Qa5+ 11. Qd2 Qxd2+ 12. Kxd2 Re8 13. Rac1 a6
14. Rhd1 Nb8 15. Rc7 Nc6 16. Rc1 e6 17. Ne5 Bxe5 18. Bxe5 Rd8 19. Bf6 Rd7
20. Rxd7 Bxd7 21. h4 Rc8 22. Rc5 Kf8 23. a3 Ke8 24. f3 Na7 25. Bd1 Nb5 26.
a4 Nd6 27. b3 b6 28. Rxc8+ Bxc8 29. Be2 Kd7 30. Bd3 Bb7 31. Ke1 Ne8 32. Bg5
Nd6 33. Bf6 Ne8 34. Bg5 Nd6 35. h5 Nf5 36. g4 Nd6 37. Bh4 f5 38. Ke2 fxg4
39. fxg4 gxh5 40. gxh5 Nf5 41. Bf2 Ng7 42. Bg6 Ke7 43. Bh4+ Kf8 44. Bxh7
Nxh5 45. Bd8 b5 46. a5 Ng3+ 47. Kf3 Nf5 48. Kf4 Kg7 49. Bxf5 exf5 50. b4 $2
(50. Ke5 $1 $18) 50... Kf7 51. Kxf5 Ke8 52. Bh4 Kd7 53. Ke5 Ba8 54. Bf2 Bb7
55. e4 dxe4 56. d5 Bc8 57. Kxe4 Kc7 58. Bg3+ Kb7 59. Ke5 Bh3 60. Kd6 Bg4
61. Bh4 Bh3 62. Bf2 Bg4 63. Bb6 Bh3 64. Ke7 Bg4 65. Ke8 Bh3 66. Bf2 Bg4 67.
Bg3 Bh3 68. d6 Kc6 69. Bh2 Bg4 1/2-1/2

[Event "Irish Championship 2013"]
[Site "Limerick IRL"]
[Date "2013.07.06"]
[Round "1.8"]
[White "Cormican, John"]
[Black "Walsh, Paul"]
[Result "0-1"]
[WhiteElo "1965"]
[BlackElo "2118"]
[WhiteICU "1803"]
[BlackICU "2017"]
[WhiteClub "Galway"]
[BlackClub "Sarsfield"]
[WhiteNationality "IRL"]
[BlackNationality "IRL"]
[WhiteFideId "2506220"]
[BlackFideId "2501260"]
[WhiteICUId "6523"]
[BlackICUId "3820"]
[PlyCount "66"]
[EventDate "2013.07.06"]
[Source "Live boards"]

{ Event information: <a
href="https://www.irlchess.com/irlch2013_allfiles/pairings_irlch2013.html">Tournament
report</a>. }

1. e4 c5 2. c3 Nf6 3. e5 Nd5 4. d4 cxd4 5. Nf3 Nc6 6. cxd4 d6 7. Bc4 e6 8.
O-O Be7 9. Qe2 O-O 10. Qe4 Ndb4 11. Bb3 dxe5 12. dxe5 Qd3 13. Qg4 Rd8 14.
Bh6 Qg6 15. Qxg6 hxg6 16. Be3 Nd3 17. Rd1 b6 18. Na3 Ndxe5 19. Rxd8+ Bxd8
20. Nxe5 Nxe5 21. Bf4 Nd3 22. Rd1 Ba6 23. Be3 Bf6 24. Bc2 Bxb2 25. Bxd3 Rd8
26. Rd2 Rxd3 27. Nc2 Rxd2 28. Bxd2 Bc4 29. a3 Bb3 30. Nb4 Bxa3 31. Nc6 a5
32. Be3 Bd5 33. Ne5 b5 0-1

[Event "Irish Championship 2013"]
[Site "Limerick IRL"]
[Date "2013.07.06"]
[Round "1.9"]
[White "Delaney, Killian"]
[Black "O'Grady, Martin"]
[Result "1-0"]
[WhiteElo "2117"]
[BlackElo "1903"]
[WhiteICU "2067"]
[BlackICU "1806"]
[WhiteClub "Rathmines"]
[BlackClub "Sarsfield"]
[WhiteNationality "IRL"]
[BlackNationality "IRL"]
[WhiteFideId "2501570"]
[BlackFideId "2505568"]
[WhiteICUId "5104"]
[BlackICUId "1276"]
[PlyCount "76"]
[EventDate "2013.07.06"]
[Source "Tournament web site"]

{ Event information: <a
href="https://www.irlchess.com/irlch2013_allfiles/pairings_irlch2013.html">Tournament
report</a>. }

1. e4 e5 2. Nf3 Nc6 3. Bc4 Bc5 4. d4 Bxd4 5. Nxd4 Nxd4 6. O-O d6 7. f4 Be6
8. Bxe6 Nxe6 9. f5 Nf4 10. g3 Nh3+ 11. Kg2 Ng5 12. Qd3 f6 13. Qb5+ Kf8 14.
Bxg5 fxg5 15. Qxb7 Nf6 16. Nc3 Qc8 17. Qc6 Rb8 18. Rab1 Rb6 19. Qc4 c6 20.
Rfd1 Ne8 21. b4 h5 22. b5 Rh6 23. Nd5 c5 24. Nxb6 axb6 25. Rb4 h4 26. g4
h3+ 27. Kf3 Qd7 28. Ra4 Nc7 29. Ra7 Qxb5 30. Qc3 Qc6 31. a4 Rh4 32. Qc4 b5
33. axb5 Qxb5 34. Qd3 Qxd3+ 35. cxd3 Nb5 36. Rb7 Nd4+ 37. Kg3 Kg8 38. Ra1
g6 1-0

[Event "Irish Championship 2013"]
[Site "Limerick IRL"]
[Date "2013.07.06"]
[Round "1.10"]
[White "Twomey, Pat"]
[Black "Quinn, Rory"]
[Result "0-1"]
[WhiteElo "1875"]
[BlackElo "2101"]
[WhiteICU "1677"]
[BlackICU "2071"]
[WhiteClub "C.C.Y.M.S."]
[BlackClub "Ennis"]
[WhiteNationality "IRL"]
[BlackNationality "IRL"]
[WhiteFideId "2501937"]
[BlackFideId "2501643"]
[WhiteICUId "1637"]
[BlackICUId "1405"]
[PlyCount "94"]
[EventDate "2013.07.06"]
[Source "Tournament web site, Ennis C.C. blog"]

{ Event information: <a
href="https://www.irlchess.com/irlch2013_allfiles/pairings_irlch2013.html">Tournament
report</a>. }

1. c4 e5 2. Nc3 Nf6 3. Nf3 Nc6 4. e3 Bb4 5. Qc2 O-O 6. a3 Bxc3 7. Qxc3 Re8
8. Be2 d5 9. d4 exd4 10. Nxd4 Ne5 11. cxd5 Nxd5 12. Qc2 Qg5 13. g3 Qf6 14.
O-O Bh3 15. Rd1 Ng4 16. Bf3 Rad8 17. Bg2 Bxg2 18. Kxg2 c5 19. Nf5 Nf4+ 20.
exf4 Rxd1 21. Ne7+ Qxe7 22. Qxd1 Qe4+ 23. Qf3 Qxf3+ 24. Kxf3 Nxh2+ 25. Kg2
Ng4 26. Kf3 f5 27. Be3 b6 28. Rd1 Kf7 29. Rd6 Ke7 30. Rd5 g6 31. Bd2 Rd8
32. Rxd8 Kxd8 33. Ke2 Ke7 34. f3 Nf6 35. Kd3 Kd6 36. b4 cxb4 37. axb4 Kd5
38. Be3 Ne8 39. Bd4 Nc7 40. Be5 Nb5 41. Bb2 a5 42. bxa5 bxa5 43. Bf6 a4 44.
Bb2 Kc5 45. Bf6 Kb4 46. Kc2 Kc4 47. Be5 Nd4+ 0-1

[Event "Irish Championship 2013"]
[Site "Limerick IRL"]
[Date "2013.07.07"]
[Round "2.1"]
[White "Fitzsimons, David"]
[Black "Walsh, Paul"]
[Result "1-0"]
[WhiteTitle "FM"]
[WhiteElo "2331"]
[BlackElo "2118"]
[WhiteICU "2312"]
[BlackICU "2017"]
[WhiteClub "Elm Mount"]
[BlackClub "Sarsfield"]
[WhiteNationality "IRL"]
[BlackNationality "IRL"]
[WhiteFideId "2501961"]
[BlackFideId "2501260"]
[WhiteICUId "6236"]
[BlackICUId "3820"]
[PlyCount "79"]
[EventDate "2013.07.06"]
[Source "Live boards"]

{ Event information: <a
href="https://www.irlchess.com/irlch2013_allfiles/pairings_irlch2013.html">Tournament
report</a>. }

1. e4 c5 2. Nf3 e6 3. d4 cxd4 4. Nxd4 Nf6 5. Nc3 d6 6. Be3 a6 7. Qd2 b5 8.
f3 Bb7 9. g4 h6 10. O-O-O Nbd7 11. h4 b4 12. Na4 d5 13. exd5 Nxd5 14. Bc4
Ne5 15. Bb3 Rc8 16. Rhe1 Qc7 17. Nxe6 fxe6 18. Bd4 Bd6 19. f4 Nxf4 20. Bxe5
Bxe5 21. Rxe5 Qxe5 22. Qd7+ Kf8 23. Qxb7 Rb8 24. Qxa6 Kg8 25. Qf1 Qe3+ 26.
Kb1 Kh7 27. Re1 Qd4 28. c3 bxc3 29. Bc2+ g6 30. Re4 Qd2 31. Qxf4 Rhf8 32.
Qxd2 cxd2 33. Bd1 Rfc8 34. Bc2 Rf8 35. Nc3 Rf1+ 36. Bd1 Rd8 37. Rxe6 Re1
38. Re2 Rd4 39. Rg2 Rh1 40. h5 1-0

[Event "Irish Championship 2013"]
[Site "Limerick IRL"]
[Date "2013.07.07"]
[Round "2.2"]
[White "Quinn, Rory"]
[Black "Short, Philip"]
[Result "1-0"]
[BlackTitle "FM"]
[WhiteElo "2101"]
[BlackElo "2260"]
[WhiteICU "2071"]
[WhiteClub "Ennis"]
[WhiteNationality "IRL"]
[BlackNationality "IRL"]
[WhiteFideId "2501643"]
[BlackFideId "2500086"]
[WhiteICUId "1405"]
[BlackICUId "1557"]
[PlyCount "37"]
[EventDate "2013.07.06"]
[Source "Live boards"]

{ Event information: <a
href="https://www.irlchess.com/irlch2013_allfiles/pairings_irlch2013.html">Tournament
report</a>. }

1. e4 e5 2. Nf3 Nc6 3. Bc4 Bc5 4. O-O Nf6 5. d4 exd4 6. e5 d5 7. exf6 dxc4
8. fxg7 Rg8 9. Bg5 Qd5 10. Nc3 Qf5 11. Re1+ Be6 12. Ne4 Be7 13. Bxe7 Kxe7
14. Nxd4 Nxd4 15. Qxd4 b6 16. Rad1 Qg6 17. Ng3 Rgd8 18. Qh4+ Ke8 19. Nf5
1-0

[Event "Irish Championship 2013"]
[Site "Limerick IRL"]
[Date "2013.07.07"]
[Round "2.3"]
[White "Redmond, John P."]
[Black "Delaney, Killian"]
[Result "1-0"]
[WhiteElo "2217"]
[BlackElo "2117"]
[WhiteICU "2176"]
[BlackICU "2067"]
[WhiteClub "Atticus ENG"]
[BlackClub "Rathmines"]
[WhiteNationality "IRL"]
[BlackNationality "IRL"]
[WhiteFideId "2500051"]
[BlackFideId "2501570"]
[WhiteICUId "1422"]
[BlackICUId "5104"]
[PlyCount "103"]
[EventDate "2013.07.06"]
[Source "Live boards"]

{ Event information: <a
href="https://www.irlchess.com/irlch2013_allfiles/pairings_irlch2013.html">Tournament
report</a>. }

1. Nf3 Nf6 2. c4 g6 3. Nc3 Bg7 4. e4 d6 5. d4 O-O 6. Be2 e5 7. O-O Nc6 8.
dxe5 dxe5 9. Bg5 Qxd1 10. Rfxd1 Bg4 11. h3 Bxf3 12. Bxf3 Nd4 13. Nd5 Nxd5
14. cxd5 c6 15. dxc6 bxc6 16. Rac1 Rfc8 17. Kf1 Rab8 18. b3 a5 19. Rc4 Rb4
20. Rdc1 Bf8 21. Be2 Kg7 22. Bd2 Ra8 23. Bc3 c5 24. Bd3 Rxc4 25. Bxc4 a4
26. Bd5 Ra7 27. bxa4 Rxa4 28. Rb1 Ra7 29. Rb7 Rxb7 30. Bxb7 Bd6 31. a4 f6
32. a5 Bb8 33. a6 Kf7 34. Ba5 Ba7 35. h4 Ke7 36. Bd5 Ne6 37. g3 Kd6 38.
Bxe6 Kxe6 39. Ke2 c4 40. Bd2 Kd6 41. Be3 Bxe3 42. Kxe3 Kc6 43. Kd2 Kb6 44.
Kc3 Kxa6 45. Kxc4 Kb6 46. Kd5 Kb5 47. f3 Kb4 48. f4 exf4 49. gxf4 h5 50. f5
g5 51. hxg5 h4 52. gxf6 1-0

[Event "Irish Championship 2013"]
[Site "Limerick IRL"]
[Date "2013.07.07"]
[Round "2.5"]
[White "Orr, Mark J. L."]
[Black "O'Connor, Jonathan"]
[Result "1-0"]
[WhiteTitle "IM"]
[WhiteElo "2247"]
[BlackElo "2149"]
[WhiteICU "2208"]
[BlackICU "2140"]
[WhiteClub "Wandering Dragons SCO"]
[BlackClub "Dublin"]
[WhiteNationality "IRL"]
[BlackNationality "IRL"]
[WhiteFideId "2500035"]
[BlackFideId "2501112"]
[WhiteICUId "1350"]
[BlackICUId "1243"]
[PlyCount "39"]
[EventDate "2013.07.06"]
[Source "Live boards"]

{ Event information: <a
href="https://www.irlchess.com/irlch2013_allfiles/pairings_irlch2013.html">Tournament
report</a>. }

1. Nf3 Nf6 2. c4 e6 3. Nc3 d5 4. d4 Be7 5. Bg5 O-O 6. Qc2 h6 7. Bxf6 Bxf6
8. Rd1 b6 9. e3 Bb7 10. cxd5 exd5 11. Be2 Nd7 12. O-O c6 13. Rfe1 g6 14. e4
dxe4 15. Nxe4 Bg7 16. Nd6 Qc7 17. Nxb7 Qxb7 18. Bc4 Kh7 19. Re7 Bf6 20.
Bxf7 1-0

[Event "Irish Championship 2013"]
[Site "Limerick IRL"]
[Date "2013.07.07"]
[Round "2.6"]
[White "Hughes, John L."]
[Black "Freeman, Gordon"]
[Result "1-0"]
[WhiteElo "2046"]
[BlackElo "2047"]
[BlackICU "2023"]
[BlackClub "Gonzaga"]
[WhiteNationality "IRL"]
[BlackNationality "IRL"]
[WhiteFideId "2046105"]
[BlackFideId "2501309"]
[BlackICUId "4153"]
[PlyCount "25"]
[EventDate "2013.07.06"]
[Source "Live boards"]

{ Event information: <a
href="https://www.irlchess.com/irlch2013_allfiles/pairings_irlch2013.html">Tournament
report</a>. }

1. e4 e6 2. d4 d5 3. Nd2 dxe4 4. Nxe4 Nd7 5. Nf3 Ngf6 6. Nxf6+ Nxf6 7. c3
Be7 8. Ne5 O-O 9. Be2 Nd7 10. Bf3 Nxe5 11. dxe5 Qxd1+ 12. Kxd1 b6 13. Bxa8
1-0

[Event "Irish Championship 2013"]
[Site "Limerick IRL"]
[Date "2013.07.07"]
[Round "2.7"]
[White "Crichton, Martin"]
[Black "Daly, Colm"]
[Result "0-1"]
[BlackTitle "FM"]
[WhiteElo "1965"]
[BlackElo "2339"]
[BlackICU "2298"]
[WhiteClub "Greenford ENG"]
[BlackClub "Bray/Greystones"]
[WhiteNationality "IRL"]
[BlackNationality "IRL"]
[WhiteFideId "2500973"]
[BlackFideId "2500434"]
[WhiteICUId "268"]
[BlackICUId "295"]
[PlyCount "58"]
[EventDate "2013.07.06"]
[Source "Tournament web site"]

{ Event information: <a
href="https://www.irlchess.com/irlch2013_allfiles/pairings_irlch2013.html">Tournament
report</a>. } { Note: The game appeared on irishchesscogitations.com with
White's 5th and 6th moves interchanged. }

1. e4 c5 2. Nc3 Nc6 3. g3 g6 4. Bg2 Bg7 5. Nge2 d6 6. d3 Rb8 7. O-O b5 8.
f4 b4 9. Nd5 Bg4 10. h3 Bxe2 11. Qxe2 Nd4 12. Qd1 e6 13. Ne3 Ne7 14. f5
exf5 15. exf5 Ndxf5 16. Nxf5 Nxf5 17. Bc6+ Kf8 18. g4 Qh4 19. Bf4 Qxh3 20.
gxf5 Bd4+ 21. Rf2 Rb6 22. Qf3 Qxf3 23. Bxf3 g5 24. Bd2 g4 25. Bh6+ Ke8 26.
Re1+ Kd8 27. Bxg4 Rg8 28. Re4 d5 29. Rxd4 cxd4 0-1

[Event "Irish Championship 2013"]
[Site "Limerick IRL"]
[Date "2013.07.07"]
[Round "2.8"]
[White "O'Grady, Martin"]
[Black "Fox, Anthony"]
[Result "0-1"]
[WhiteElo "1903"]
[BlackElo "2093"]
[WhiteICU "1806"]
[BlackICU "2027"]
[WhiteClub "Sarsfield"]
[BlackClub "Dun Laoghaire"]
[WhiteNationality "IRL"]
[BlackNationality "IRL"]
[WhiteFideId "2505568"]
[BlackFideId "2500736"]
[WhiteICUId "1276"]
[BlackICUId "456"]
[PlyCount "78"]
[EventDate "2013.07.06"]
[Source "Live boards"]

{ Event information: <a
href="https://www.irlchess.com/irlch2013_allfiles/pairings_irlch2013.html">Tournament
report</a>. }

1. d4 d5 2. c4 e6 3. Nc3 Nf6 4. Nf3 Be7 5. Bg5 h6 6. Bh4 O-O 7. e3 b6 8.
Rc1 Bb7 9. Bxf6 Bxf6 10. cxd5 exd5 11. Bd3 Nd7 12. Nb5 c5 13. Nd6 Bc6 14.
Nf5 Re8 15. O-O c4 16. Bb1 b5 17. h3 Nf8 18. Nh2 Bd7 19. Qf3 Bxf5 20. Qxf5
g6 21. Qf3 Ne6 22. Ng4 Bg7 23. Ne5 Ng5 24. Qf4 Bxe5 25. dxe5 Qc7 26. Rfd1
Rad8 27. h4 Ne6 28. Qf6 Ng7 29. Rd2 Rxe5 30. Rcd1 b4 31. Bc2 Nf5 32. Bxf5
Rxf5 33. Qd4 Re8 34. f3 a5 35. Rc2 Qg3 36. e4 dxe4 37. fxe4 Qxh4 38. Qd7
Qxe4 39. Qd4 Qe5 0-1